Postavenie Svätej stolice a Pápežského štátu v rokoch 1815-1870
Historický pohľad na vývoj Svätej stolice a Pápežského štátu. Postavenie Svätej stolice a najmä vývoj jeho postavenia v medzinárodných vzťahoch. Hodnotová orientácia Svätej stolice.
Saved in:
| Main Author: | |
|---|---|
| Format: | Book Chapter |
| Language: | Slovak |
| Subjects: | |
| Tags: |
No Tags, Be the first to tag this record!
|
MARC
| LEADER | 00000nla a2200000 4500 | ||
|---|---|---|---|
| 001 | 0236875 | ||
| 005 | 20240417075127.8 | ||
| 041 | 0 | |a slo | |
| 044 | |a SK | ||
| 245 | 1 | 0 | |a Postavenie Svätej stolice a Pápežského štátu v rokoch 1815-1870 |c Martin Floriš |
| 520 | |a Historický pohľad na vývoj Svätej stolice a Pápežského štátu. Postavenie Svätej stolice a najmä vývoj jeho postavenia v medzinárodných vzťahoch. Hodnotová orientácia Svätej stolice. | ||
| 610 | 2 | 0 | |a cirkev |
| 610 | 2 | 0 | |a Vatikán |
| 610 | 2 | 0 | |a dejiny |
| 610 | 2 | 0 | |a politika medzinárodná |
| 100 | 1 | |a Floriš, Martin | |